| 000 | 03770nam a22003977a 4500 | ||
|---|---|---|---|
| 005 | 2008092908228.0 | ||
| 008 | 080929t xxu||||| |||| 00| 0 eng d | ||
| 010 | _aB-308840-847 B-309101-104 | ||
| 020 |
_a9781840225501 _c£8.99 (712.00) |
||
| 035 | _aB-308840-847 | ||
| 035 | _a B-309101-104 | ||
| 035 | _a B-357662 | ||
| 037 | _bSuper Book Distt. | ||
| 040 |
_aDPL _bEnglish |
||
| 082 | _a880.8 | ||
| 245 |
_aCollected works of Oscar Wilde : _bthe plays, the poems, the stories and the essays including De Profundis |
||
| 260 |
_aHertfordshire _bWordworth Editions Limited _c2007 |
||
| 270 |
_a8B East Street, Ware _bHertfordshire _eSG12 9HJ |
||
| 300 |
_a1098p. _c23cm. (Hb) |
||
| 942 |
_2ddc _cEN _mCOL _h880.8 |
||
| 999 |
_c15922 _d15922 |
||